i apArt/ (Record no. 4120)

MARC details
000 -LEADER
campo de control de longitud fija 01192nam a22003737a 4500
003 - IDENTIFICADOR DE NÚMERO DE CONTROL
campo de control OSt
005 - FECHA Y HORA DE LA ÚLTIMA TRANSACCIÓN
campo de control 20230816081658.0
008 - DATOS DE LONGITUD FIJA--INFORMACIÓN GENERAL
campo de control de longitud fija 220929b |||||||| |||| 00| 0 eng d
040 ## - FUENTE DE CATALOGACIÓN
Centro/agencia transcriptor Biblioteca Lado V
082 ## - NÚMERO DE LA CLASIFICACIÓN DECIMAL DEWEY
Número de clasificación 700
Número de ítem I11i
110 ## - ENTRADA PRINCIPAL--NOMBRE DE ENTIDAD CORPORATIVA
9 (RLIN) 935
Nombre de entidad corporativa o nombre de jurisdicción como elemento de entrada I'aAviB
Término indicativo de función/relación autor
245 ## - MENCIÓN DEL TÍTULO
Título i apArt/
260 ## - PUBLICACIÓN, DISTRIBUCIÓN, ETC.
Nombre del editor, distribuidor, etc. I'aAviB
Fecha de publicación, distribución, etc. 1998
300 ## - DESCRIPCIÓN FÍSICA
Extensión 39p.
Dimensiones 21x30cm
490 ## - MENCIÓN DE SERIE
Mención de serie 0
505 ## - NOTA DE CONTENIDO CON FORMATO
Nota de contenido con formato Editorial
505 ## - NOTA DE CONTENIDO CON FORMATO
Nota de contenido con formato Informacions de I'AAVIB
505 ## - NOTA DE CONTENIDO CON FORMATO
Nota de contenido con formato Que es la Unión de Artistas?
505 ## - NOTA DE CONTENIDO CON FORMATO
Nota de contenido con formato Entrevista a Pep Canyelles
Título <br/>
505 ## - NOTA DE CONTENIDO CON FORMATO
Nota de contenido con formato El premi punt Vermell
505 ## - NOTA DE CONTENIDO CON FORMATO
Nota de contenido con formato Joan Trujillo
505 ## - NOTA DE CONTENIDO CON FORMATO
Nota de contenido con formato Por error al arte
505 ## - NOTA DE CONTENIDO CON FORMATO
Nota de contenido con formato Entre públic i privat
505 ## - NOTA DE CONTENIDO CON FORMATO
Nota de contenido con formato Lòportunitat de contribuir al debat obert sobre la practica artística
505 ## - NOTA DE CONTENIDO CON FORMATO
Nota de contenido con formato El cuerpo, la máscara y la piel
505 ## - NOTA DE CONTENIDO CON FORMATO
Nota de contenido con formato texts originals
505 ## - NOTA DE CONTENIDO CON FORMATO
Nota de contenido con formato Poïesis
505 ## - NOTA DE CONTENIDO CON FORMATO
Nota de contenido con formato Relato corto dels cuadro Crimen abismo azul
650 ## - PUNTO DE ACCESO ADICIONAL DE MATERIA--TÉRMINO DE MATERIA
Fuente del encabezamiento o término Tesauro de Arte & Arquitectura
Término de materia o nombre geográfico como elemento de entrada ARTE
650 ## - PUNTO DE ACCESO ADICIONAL DE MATERIA--TÉRMINO DE MATERIA
Fuente del encabezamiento o término Tesauro de Arte & Arquitectura
Término de materia o nombre geográfico como elemento de entrada CULTURA
650 ## - PUNTO DE ACCESO ADICIONAL DE MATERIA--TÉRMINO DE MATERIA
Fuente del encabezamiento o término Tesauro de Arte & Arquitectura
Término de materia o nombre geográfico como elemento de entrada OCUPACIÓN
650 ## - PUNTO DE ACCESO ADICIONAL DE MATERIA--TÉRMINO DE MATERIA
Fuente del encabezamiento o término Tesauro de Arte & Arquitectura
Término de materia o nombre geográfico como elemento de entrada NOTICIAS
942 ## - ELEMENTOS DE ENTRADA SECUNDARIOS (KOHA)
Fuente del sistema de clasificación o colocación Clasificación Decimal Dewey
Tipo de ítem Koha Libros
Parte de la signatura que corresponde a la clasificación (Parte de la clasificación) 700
Parte de la signatura que identifica el ejemplar (Parte del ítem) I11i
Suprimir en OPAC No
Holdings
Estatus retirado Estado de pérdida Fuente del sistema de clasificación o colocación Especificación de materiales (volumen encuadernado u otra parte) Estado de daño No para préstamo Colección Biblioteca de origen Biblioteca actual Fecha de adquisición Enumeración/cronología de publicación seriada Número de inventario Total de préstamos Signatura topográfica completa Código de barras Visto por última vez Precio de reemplazo Tipo de ítem Koha
    Clasificación Decimal Dewey 1998     Revistas Biblioteca LadoV Biblioteca LadoV 26/07/2023   003416   700 I11i 003416 26/07/2023 26/07/2023 Libros